000 01320nam0a22002771 4500
001 rc\3596250
005 20230915133416.0
021 _aRU
_bРг7988-74
021 _aRU
_b74-36239
035 _a(NLR Aleph) 007704884
090 _a6787353
_c6787353
100 _a20130115d1974 |||y0rusy50 ca
101 0 _arus
102 _aRU
105 _ab z |||||
200 1 _aПроблемы использования природных и трудовых ресурсов развивающихся стран
_e[Перераб. докл. на науч. конф. "География и развивающиеся страны (проблемы использования природных и трудовых ресурсов)". Москва, 1971 г.]
_f[Ред. коллегия Н.С. Асоян]. [и др.]
210 _aМосква
_cМысль
_d1974
215 _a344 с.
_cграф., карт.
_d21
702 1 _aАсоян
_bН. С.
_gНадежда Самуиловна
_4340
712 1 2 _a"География и развивающиеся страны (проблемы природных и трудовых ресурсов)", науч. конф. (1974; Москва)
801 0 _aRU
_bNLR
_gpsbo
801 1 _aRU
_bELAR
_2rusmarc
852 _aNLR
_j74-3/107
942 _cBOOK
980 _aNB